| 000 | 01163nam0a22002531 4500 | ||
|---|---|---|---|
| 001 | rc\964583 | ||
| 005 | 20041129100612.0 | ||
| 035 | _a(NLR Aleph) 006133969 | ||
| 090 |
_a5591215 _c5591215 |
||
| 100 | _a20041129d1982 u |0rusy50 ca | ||
| 101 | 0 | _arus | |
| 102 | _aRU | ||
| 105 | _ay ||||||||| | ||
| 200 | 1 |
_aТехнологические процессы и оборудование для производства химических нитей технического назначения (1975-1981 гг.) _eРетроспект. указ. лит. и документации _f[Сост. Чарковская Л.В.] |
|
| 210 |
_aМ. _cЦНИИТЭИлегпищемаш _d1982 |
||
| 215 |
_a26 с. _d20 |
||
| 300 | _aВ надзаг.: СССР, М-во машиностроения для лег. и пищ. пром-сти и быт. приборов, ЦНИИ информ. и техн.-экон. исслед. (ЦНИИТЭИлегпищемаш) | ||
| 333 | _aДСП. Экз. № 4 | ||
| 700 | 1 |
_aЧарковская _bЛ. В. |
|
| 801 | 0 |
_aRU _bNLR _gpsbo |
|
| 801 | 1 |
_aRU _bELAR _2rusmarc |
|
| 852 |
_aNLR _j82-50К/1322 |
||
| 942 | _cBOOK | ||
| 980 | _aNB | ||